Immunocyto-chemistry: a practical approach
Guardat en:
| Autor principal: | |
|---|---|
| Format: | Llibre |
| Idioma: | anglès |
| Publicat: |
Nueva York
RL Press : Oxford University Press
1993
|
| Col·lecció: | The Practical Approach Series
|
| Matèries: | |
| Etiquetes: |
Afegir etiqueta
Sense etiquetes, Sigues el primer a etiquetar aquest registre!
|
MARC
| LEADER | 00000nam a2200000 a 4500 | ||
|---|---|---|---|
| 001 | UCY4878 | ||
| 003 | CL-VaPUC | ||
| 008 | 950404e19930000US |||||||||||||||||eng|d | ||
| 082 | 0 | 4 | |a 616.079 |b BEE |2 21 |
| 100 | 0 | |a Beesley, Julian E |e author |9 333396 | |
| 245 | 1 | 0 | |a Immunocyto-chemistry: a practical approach |
| 300 | |a 248 p | ||
| 942 | |c BK | ||
| 945 | |d 19950404 00:00:00 |a oaravena | ||
| 260 | |a Nueva York |b RL Press : Oxford University Press |c 1993 | ||
| 650 | 7 | |a INMUNOQUIMICA |2 CL-VaPUC |9 329047 | |
| 650 | 0 | |a Química |9 259896 | |
| 583 | |a last modification |c 19950404 00:00:00 |k Rodrigo Vera | ||
| 490 | 0 | |a The Practical Approach Series | |
| 999 | |c 232629 |d 232627 | ||
| 952 | |0 0 |1 0 |4 0 |6 616_079000000000000_BEE_1993 |7 0 |8 A |9 237377 |a BIBCUR |b BIBCUR |d 2019-11-15 |i 3073548 |o 616.079 BEE 1993 |p 3073548 |r 2025-04-22 |w 2019-11-15 |y BK |k CBQ | ||